The selected poems of Ted Berrigan (Record no. 148309)

MARC details
000 -LEADER
fixed length control field 01659nam a2200409Ia 4500
001 - CONTROL NUMBER
control field vtls003238908
003 - CONTROL NUMBER IDENTIFIER
control field MY-SjTCS
005 - DATE AND TIME OF LATEST TRANSACTION
control field 20200226115428.0
006 - FIXED-LENGTH DATA ELEMENTS--ADDITIONAL MATERIAL CHARACTERISTICS
fixed length control field m u
007 - PHYSICAL DESCRIPTION FIXED FIELD--GENERAL INFORMATION
fixed length control field cr cn|||||||||
008 - FIXED-LENGTH DATA ELEMENTS--GENERAL INFORMATION
fixed length control field 120829s2011 cau sb s001 0 eng d
010 ## - LIBRARY OF CONGRESS CONTROL NUMBER
Canceled/invalid LC control number 2010-035064
020 ## - INTERNATIONAL STANDARD BOOK NUMBER
Canceled/invalid ISBN 0520266838 (cloth : alk. paper)
020 ## - INTERNATIONAL STANDARD BOOK NUMBER
Canceled/invalid ISBN 0520266846 (pbk. : alk. paper)
020 ## - INTERNATIONAL STANDARD BOOK NUMBER
Canceled/invalid ISBN 9780520266834 (cloth : alk. paper)
020 ## - INTERNATIONAL STANDARD BOOK NUMBER
Canceled/invalid ISBN 9780520266841 (pbk. : alk. paper)
035 ## - SYSTEM CONTROL NUMBER
System control number (OCoLC)703171770
035 ## - SYSTEM CONTROL NUMBER
System control number (CaPaEBR)ebr10440609
039 #9 - LEVEL OF BIBLIOGRAPHIC CONTROL AND CODING DETAIL [OBSOLETE]
-- 201208291109
-- wilmina
040 ## - CATALOGING SOURCE
Original cataloging agency CaPaEBR
Transcribing agency CaPaEBR
050 14 - LIBRARY OF CONGRESS CALL NUMBER
Classification number PS3552.E74
Item number A65 2010eb
100 1# - MAIN ENTRY--PERSONAL NAME
Personal name Berrigan, Ted.
240 10 - UNIFORM TITLE
Uniform title Poems.
Form subheading Selections
245 14 - TITLE STATEMENT
Title The selected poems of Ted Berrigan
Medium [electronic resource] /
Statement of responsibility, etc. edited by Alice Notley, Anselm Berrigan, and Edmund Berrigan.
260 ## - PUBLICATION, DISTRIBUTION, ETC.
Place of publication, distribution, etc. Berkeley :
Name of publisher, distributor, etc. University of California Press,
Date of publication, distribution, etc. 2011.
300 ## - PHYSICAL DESCRIPTION
Extent xiii, 239 p.
504 ## - BIBLIOGRAPHY, ETC. NOTE
Bibliography, etc. note Includes bibliographical references and index.
533 ## - REPRODUCTION NOTE
Type of reproduction Electronic reproduction.
Place of reproduction Palo Alto, Calif. :
Agency responsible for reproduction ebrary,
Date of reproduction 2011.
Note about reproduction Available via World Wide Web.
-- Access may be limited to ebrary affiliated libraries.
600 10 - SUBJECT ADDED ENTRY--PERSONAL NAME
Personal name Berrigan, Ted.
Title of a work Poems.
Form subheading Selections.
650 #0 - SUBJECT ADDED ENTRY--TOPICAL TERM
Topical term or geographic name entry element American poetry
Chronological subdivision 20th century.
9 (RLIN) 14935
655 #7 - INDEX TERM--GENRE/FORM
Genre/form data or focus term Electronic books.
Source of term local
700 1# - ADDED ENTRY--PERSONAL NAME
Personal name Berrigan, Anselm.
700 1# - ADDED ENTRY--PERSONAL NAME
Personal name Berrigan, Edmund,
Dates associated with a name 1974-
700 1# - ADDED ENTRY--PERSONAL NAME
Personal name Notley, Alice,
Dates associated with a name 1945-
710 2# - ADDED ENTRY--CORPORATE NAME
Corporate name or jurisdiction name as entry element ebrary, Inc.
9 (RLIN) 25628
856 40 - ELECTRONIC LOCATION AND ACCESS
Uniform Resource Identifier https://ezproxy.taylors.edu.my/login?url=http://site.ebrary.com/lib/taylorscollege/Doc?id=10440609
Public note An electronic book accessible through the World Wide Web; click to view
Holdings
Withdrawn status Lost status Damaged status Not for loan Home library Current library Date acquired Total Checkouts Date last seen Price effective from Koha item type
      e-book Taylor's Library-TU Taylor's Library-TU 02/03/2026   02/03/2026 02/03/2026 E-Book